00936nam0a22002171 4500001001500000005001700015035002600032100004100058101000800099102000700107105001800114200022100132210010400353215007200457700002300529702007900552801001800631801002200649801002700671852002000698v19\rc\192368620251118180656.8 a(NLR Aleph) 005009964 a20080404d1912 u y0rusy50 ca0 arus aRU aa z |||||1 aЦарство камнейeАтлас минераловe96 раскраш. фигур на 12 табл. с объясн. текстомfСост. проф. Г. КертgПер. М.М. Кругловского aСанкт-ПетербургaМоскваcМ.О. Вольфd1912eСанкт-Петербург a20 с., 1 л. фронт. (цв. ил.), 11 л. цв. ил.d16х19 1aКертbГ.4220 1aКругловскийbМ.М.gМихаил Михайлович4730 0aRUbNLRgpsbo 0aRUbRuMoRGB2psbo 1aRUbProSoft-M2rusmarc aNLRj37.40.8.54